000 01417nam0a22003371 4500
001 rc\2279802
005 20250623041422.0
035 _a(NLR Aleph) 006559257
090 _a6825636
_c6825636
100 _a20110829d1977 |||y0rusy50 ca
101 0 _arus
102 _aRU
105 _ay z |||||
200 1 _aСовременные акустические материалы в строительстве и промышленности
_fИ.И. Боголепов, Г.Л. Осипов
_gЛенингр. дом науч.-техн. пропаганды
210 _aЛенинград
_cЛДНТП
_d1977
215 _a28 с.
_d21
225 1 _aСерия "Строительные материалы и конструкции"
320 _aСписок лит.: с. 27 (6 назв.)
606 _aВиброизолирующие материалы
_2psbo
606 _aЗвукоизоляционные материалы
_2psbo
686 _aН307.2
_2rubbk
700 1 _aБоголепов
_bИ.И.
_gИгорь Ильич
701 1 _7ca
_8rus
_aОсипов
_bГ. Л.
_cд-р техн. наук, акустика
_f1929-2008
_gГеоргий Львович
_9214642
_3RU\NLR\AUTH\770214698
801 0 _aRU
_bNLR
_gpsbo
801 1 _aRU
_bELAR
_2rusmarc
852 _aNLR
_j77-6/2197
899 _aRuMoRGB
_jБ 77-53/2421
899 _aRuMoRGB
_jБ 77-53/2422
942 _cBOOK
980 _aNB